00485nam a2200145Ia 4500008004100000041000800041082001200049100001800061245004500079260004500124300002400169365001100193999001700204952011800221240624s9999 xx 000 0 und d aeng a100 ADA aADAMSON PETER aPHILOSOPHY IN THE ISLAMIC WORLD A VERY S c2015aNew DelhibOxford University Press a133 : p. : cm. ; 17 cRSb31 c27065d27065 00104070aIMTNbIMTNcRack 2-Bd2016-03-23eBWNg225.00o100 ADAp27065r2024-06-24 00:00:00t1w2024-06-24yBK